000 00265nam a2200121Ia 4500
100 _aSasrur/Rajesh M
942 _cBK
245 _aChallenges to democracy in India
260 _bOxford university press
_c2009
300 _a299
546 _aENGLISH
999 _c32864
_d32864